000
00267nam a2200097Ia 4500
001
642003
005
20250826153518.0
008
250824s9999 xx 000 0 und d
245
0
_a
KURTULUŞUN KAHRAMANLARI 2 ONBAŞI NEZAHAT
_c
İSMAİL BİLGİN
260
_b
TİMAŞ ÇOCUK
999
_c
642003
_d
642003